书目信息 |
| 题名: |
2013年报关员资格全国统一考试同步辅导与强化训练习题集
|
|
| 作者: | ;报关员资格全国统一考试辅导用书编写组 组编 | |
| 分册: | ||
| 出版信息: | 北京 中国人民大学出版社 2013 |
|
| 页数: | 370页 | |
| 开本: | 29cm | |
| 丛书名: | ||
| 单 册: | ||
| 中图分类: | F752.5 | |
| 科图分类: | ||
| 主题词: | 进出口贸易--海关手续--中国--资格考试--自学参考资料 , 进出口贸易 , 海关手续 | |
| 电子资源: | ||
| ISBN: | 978-7-300-17192-0 | |
| 000 | 01127nam0 2200253 450 | |
| 001 | 523 | |
| 005 | 20140909101214.46 | |
| 010 | @a978-7-300-17192-0@dCNY59.00 | |
| 100 | @a20130603d2013 em y0chiy50 ea | |
| 101 | 0 | @achi |
| 102 | @aCN@b110000 | |
| 105 | @ay zq 000yy | |
| 106 | @ar | |
| 200 | 1 | @a2013年报关员资格全国统一考试同步辅导与强化训练习题集@A2013 Nian Bao Guan Yuan Zi Ge Quan Guo Tong Yi Kao Shi Tong Bu Fu Dao Yu Qiang Hua Xun Lian Xi Ti Ji@f报关员资格全国统一考试辅导用书编写组组编@FBao Guan Yuan Zi Ge Quan Guo Tong Yi Kao Shi Fu Dao Yong Shu Bian Xie Zu Zu Bian |
| 210 | @a北京@c中国人民大学出版社@d2013 | |
| 215 | @a370页@d29cm | |
| 330 | @a本书分七编,分别为报关基础知识篇、报关制度篇、商品归类篇、进出口税费篇、报关单填制篇、海关法律制度篇和国际贸易知识篇。 | |
| 606 | 0 | @a进出口贸易@x海关手续@y中国@x资格考试@j自学参考资料 |
| 606 | 0 | @a进出口贸易 |
| 606 | 0 | @a海关手续 |
| 690 | @aF752.5@v5 | |
| 711 | 02 | @a报关员资格全国统一考试辅导用书编写组@ABao Guan Yuan Zi Ge Quan Guo Tong Yi Kao Shi Fu Dao Yong Shu Bian Xie Zu@4组编 |
| 801 | 0 | @aCN@bTANGWEI@c20140603 |
| 905 | @b0842189-91@dF752.5@e39@f3 | |
| 2013年报关员资格全国统一考试同步辅导与强化训练习题集/报关员资格全国统一考试辅导用书编写组组编.-北京:中国人民大学出版社,2013 |
| 370页;29cm |
| ISBN 978-7-300-17192-0:CNY59.00 |
| 本书分七编,分别为报关基础知识篇、报关制度篇、商品归类篇、进出口税费篇、报关单填制篇、海关法律制度篇和国际贸易知识篇。 |
| ● |
| 相关链接 |
|
|
|
|
正题名:2013年报关员资格全国统一考试同步辅导与强化训练习题集
索取号:F752.5/39
 
预约/预借
| 序号 | 登录号 | 条形码 | 馆藏地/架位号 | 状态 | 备注 |
| 1 | 0842189 | 208421894 | 第一样本阅览室/ [索取号:F752.5/39] | 在馆 | |
| 2 | 0842190 | 208421901 | 经管系资料室/ [索取号:F752.5/39] | 在馆 | |
| 3 | 0842191 | 208421910 | 第一借阅区/ [索取号:F752.5/39] | 在馆 |